75 Aniversario del Colegio del Uruguay / (Record no. 116388)

MARC details
000 -LEADER
campo de control de longitud fija 00713nam a2200193 4500
001 - NÚMERO DE CONTROL
campo de control 116388
003 - IDENTIFICADOR DE NÚMERO DE CONTROL
campo de control ES-MaACL
005 - FECHA Y HORA DE LA ÚLTIMA TRANSACCIÓN
campo de control 20230906190710.0
007 - CAMPO FIJO DE DESCRIPCIÓN FÍSICA--INFORMACIÓN GENERAL
campo de control de longitud fija t|
008 - DATOS DE LONGITUD FIJA--INFORMACIÓN GENERAL
campo de control de longitud fija 061121s1924 ag r ||||1| spa d
100 1# - ENTRADA PRINCIPAL--NOMBRE DE PERSONA
Nombre de persona Parodie Montero, Alfredo.
9 (RLIN) 89211
245 10 - MENCIÓN DEL TÍTULO
Título 75 Aniversario del Colegio del Uruguay /
Mención de responsabilidad, etc. Conferencia sobre cuatro épocas del histórico colegio por Alfredo Parodie Montero , palabras de apertura por el Dr. José León Suárez.
250 ## - MENCION DE EDICION
Mención de edición 2ª ed.
260 ## - PUBLICACIÓN, DISTRIBUCIÓN, ETC.
Lugar de publicación, distribución, etc. Buenos Aires :
Nombre del editor, distribuidor, etc. [s.n.],
Fecha de publicación, distribución, etc. 1924 (
Fabricante Imp. El Faro)
300 ## - DESCRIPCIÓN FÍSICA
Extensión 21 p. ;
Dimensiones 22 cm.
500 ## - NOTA GENERAL
Nota general Precede al tit. : Ateneo Hispano Americano.
700 1# - ENTRADA AGREGADA--NOMBRE PERSONAL
Nombre de persona León Suárez, José.
9 (RLIN) 141637
852 ## - LOCALIZACIÓN
Ubicación ES-MaACL
Número de control de estantería 1680-F-9
Sublocalización o colección R.4885
Holdings
Estatus retirado Estado de pérdida Estado de daño No para préstamo Colección Biblioteca de origen Biblioteca actual Ubicación en estantería Fecha de adquisición Fuente de adquisición Total de préstamos Signatura topográfica completa Código de barras Visto por última vez Precio de reemplazo Tipo de ítem Koha
        Colección de folletos Biblioteca del Ateneo de Madrid Biblioteca del Ateneo de Madrid Depósito folletos 17/01/2008     1680-F-9 1121366 23/02/2023 23/02/2023 Folleto